<?xml version="1.0" encoding="UTF-8"?><?xml-stylesheet type="text/xsl" href="static/style.xsl"?><OAI-PMH xmlns="http://www.openarchives.org/OAI/2.0/" xmlns:xsi="http://www.w3.org/2001/XMLSchema-instance" xsi:schemaLocation="http://www.openarchives.org/OAI/2.0/ http://www.openarchives.org/OAI/2.0/OAI-PMH.xsd"><responseDate>2026-06-03T08:56:38Z</responseDate><request verb="GetRecord" identifier="oai:riuma.uma.es:10630/29247" metadataPrefix="marc">https://riuma.uma.es/rest/oai/request</request><GetRecord><record><header><identifier>oai:riuma.uma.es:10630/29247</identifier><datestamp>2026-02-03T11:27:14Z</datestamp><setSpec>com_10630_2254</setSpec><setSpec>col_10630_37953</setSpec></header><metadata><record xmlns="http://www.loc.gov/MARC21/slim" xmlns:dcterms="http://purl.org/dc/terms/" xmlns:doc="http://www.lyncode.com/xoai" xmlns:xsi="http://www.w3.org/2001/XMLSchema-instance" xsi:schemaLocation="http://www.loc.gov/MARC21/slim http://www.loc.gov/standards/marcxml/schema/MARC21slim.xsd">
   <leader>00925njm 22002777a 4500</leader>
   <datafield ind2=" " ind1=" " tag="042">
      <subfield code="a">dc</subfield>
   </datafield>
   <datafield ind2=" " ind1=" " tag="720">
      <subfield code="a">De-Oña-Cots, José Manuel</subfield>
      <subfield code="e">author</subfield>
   </datafield>
   <datafield ind2=" " ind1=" " tag="720">
      <subfield code="a">García Gálvez, Emilio Andrés</subfield>
      <subfield code="e">author</subfield>
   </datafield>
   <datafield ind2=" " ind1=" " tag="260">
      <subfield code="c">2016-04-01</subfield>
   </datafield>
   <datafield ind2=" " ind1=" " tag="520">
      <subfield code="a">Se enmarca esta investigación dentro del Master Interuniversitario de Cultura de Paz, Conflictos, Educación y Derechos Humanos. La finalidad principal de la misma es conocer la situación del Proyecto “Red Escuela: Espacio de paz” en un IES de la provincia de Málaga, por medio de las valoraciones y perspectivas del alumnado que acude al Aula de Convivencia y al análisis de las hojas de incidencia que supervisan los docentes a cargo de este aula. Exponemos una investigación de carácter exploratorio y descriptivo en la que se utilizó tanto la observación no participante, como el análisis de contenidos y un cuestionario con preguntas abiertas, cerradas y de tipo Likert. Los participantes son 206 alumnos repartidos en 1o de ESO (117) y 2o de ESO (89). Los resultados que se muestran corresponden al análisis de algunos ítems y respuestas seleccionadas del cuestionario referidos al Aula de Convivencia y a la hoja de incidencias, categorizadas las causas por las que eran enviados allí en “Interrupciones”, “Violencia”, “Conflicto” o “Falta de respeto”, entre otras. Los datos expuestos nos ofrecen una doble realidad: por un lado los sujetos del estudio parecen tener bien interiorizado el sentido teórico del proyecto, pero a la hora de concretarlo en la práctica diaria, la situación se aleja de lo que debería esperarse de un proyecto de estas características, convirtiéndose en un espacio punitivo y de reducción de conductas.</subfield>
   </datafield>
   <datafield ind1="8" ind2=" " tag="024">
      <subfield code="a">de Oña Cots, J. M., &amp; García Gálvez, E. A. (2016). Proyecto Escuela: Espacio de Paz. Reflexiones sobre una Experiencia en un Centro Educativo. REICE. Revista Iberoamericana Sobre Calidad, Eficacia Y Cambio En Educación, 14(2).</subfield>
   </datafield>
   <datafield ind1="8" ind2=" " tag="024">
      <subfield code="a">https://hdl.handle.net/10630/29247</subfield>
   </datafield>
   <datafield ind1="8" ind2=" " tag="024">
      <subfield code="a">10.15366/reice2016.14.2.007</subfield>
   </datafield>
   <datafield tag="653" ind2=" " ind1=" ">
      <subfield code="a">Paz</subfield>
   </datafield>
   <datafield ind2="0" ind1="0" tag="245">
      <subfield code="a">Proyecto escuela: espacio de paz. Reflexiones sobre una experiencia en un centro educativo</subfield>
   </datafield>
</record>
</metadata></record></GetRecord></OAI-PMH>